Missing Word: Songs About You Quiz Stats

 Plays Quiz Updated May 19, 2015

Challenge
Share
Tweet
Embed
Score 0/24 Timer 03:00
3 Plays Today
Title Missing Word % Correct
I Got You _____Babe
92.6%
Someone _____ YouLike
89.9%
She _____ YouLoves
78.8%
You Really _____ MeGot
67.3%
You Don't Know My _____Name
63.9%
You Don't _____ MeKnow
62.1%
You Don't Bring Me _____Flowers
61%
You Are the _____ of My LifeSunshine
60.9%
___ YouForget
56.4%
You _____ ThingSexy
51.7%
You _____ MeAnd
51.3%
You May Be _____Right
48.3%
Title Missing Word % Correct
You Should Be _____Dancing
46.5%
You Make Me _____ ...Wanna
42.7%
I Knew You Were _____ Trouble
42.6%
What Makes You _____Beautiful
41.6%
_____ with YouRock
35.7%
You Were _____ for MeMeant
34%
_____ YouLovin'
25.9%
You Might _____Think
24.9%
You _____ MeSend
24.1%
___ YouWith
18.8%
_____ With YouI'm
17.4%
______ with YouStuck
13.9%

Today's Daily Dose

You're not logged in!

Compare scores with friends on all Sporcle quizzes.
Join for Free
OR
Log In

You Might Also Like...

Show Comments

Extras

Top Quizzes Today


Score Distribution

Your Account Isn't Verified!

In order to create a playlist on Sporcle, you need to verify the email address you used during registration. Go to your Sporcle Settings to finish the process.

Report this User

Report this user for behavior that violates our Community Guidelines.

Details: